000 00720nam a2200241 4500
003 OSt
005 20240608032138.0
006 a
008 240608b |||||||| |||| 00| 0 eng d
020 _a9780240815633
040 _cDWCL-Main lib.
_aOC
082 _aCirc. 006.693 M134c 2011
100 _aMcDermott, Wes
245 _aCreating 3D game art for the iPhone with unity : featuring modo and Blender pipelines /
260 _aBurlington, MA ;
_bOxford : Focal,
_cc2011.
300 _axxii,
_b253 p. : col. ill. ;
_c24 cm.
504 _aIncludes index.
650 _a1. Computerspiel.
650 _a2. iPhone.
650 _a3. Computer graphics.
700 _aWes McDermott
942 _2ddc
_n0
_cBK-CIRC
_kCirc.
999 _c406
_d406